[Event "Titled Tuesday intern op 04th Mar Early"]
[Site "Chess.com INT"]
[Date "2025.03.04"]
[Round "7"]
[White "Begunov, Konstantin"]
[Black "Rozman, Levy"]
[Result "0-1"]
[WhiteElo "2325"]
[BlackElo "2324"]
[PlyCount "64"]
[EventDate "2025.03.04"]
[EventType "swiss (blitz)"]
[EventRounds "11"]
[EventCountry "USA"]
[SourceTitle "CB11_2025"]
[SourceDate "2025.03.12"]
[SourceVersion "1"]
[SourceVersionDate "2025.03.12"]
[SourceQuality "1"]

1. d4 g6 2. c4 Bg7 3. Nc3 c5 4. Nf3 cxd4 5. Nxd4 Nc6 6. e3 Nxd4 7. exd4 Nf6 8. Be2 d5 9. 0-0 0-0 10. cxd5 Nxd5 11. Bf3 Be6 12. Ne4 Nb4 13. Be3 Bd5 14. a3 Nc6 15. b4 Rc8 16. Rc1 b6 17. b5 Na5 18. Rxc8 Qxc8 19. Nf6+ Bxf6 20. Bxd5 Rd8 21. Qf3 Qf5 22. Qxf5 gxf5 23. Ba2 Rc8 24. Rd1 Rc3 25. a4 Ra3 26. Bb1 Rxa4 27. Bxf5 Rb4 28. Bd7 Nb7 29. Bc6 Nd6 30. g4 Nxb5 31. g5 Bxd4 32. Bxb5 Bxe3 0-1

[Event "Titled Tuesday intern op 04th Mar Early"]
[Site "Chess.com INT"]
[Date "2025.03.04"]
[Round "8"]
[White "Burmakin, Vladimir"]
[Black "Begunov, Konstantin"]
[Result "1-0"]
[WhiteElo "2435"]
[BlackElo "2325"]
[PlyCount "113"]
[EventDate "2025.03.04"]
[EventType "swiss (blitz)"]
[EventRounds "11"]
[EventCountry "USA"]
[SourceTitle "CB11_2025"]
[SourceDate "2025.03.12"]
[SourceVersion "1"]
[SourceVersionDate "2025.03.12"]
[SourceQuality "1"]

1. Nf3 d5 2. c4 c6 3. e3 Nf6 4. Nc3 a6 5. b3 Bg4 6. Be2 Nbd7 7. d4 e6 8. 0-0 Bb4 9. Bb2 Qe7 10. Ne5 Bxe2 11. Nxe2 Ba3 12. Bxa3 Qxa3 13. Nxd7 Nxd7 14. Qc2 0-0 15. c5 e5 16. Rfb1 exd4 17. exd4 Qa5 18. b4 Qc7 19. a4 Rfe8 20. Qd3 Nf6 21. b5 axb5 22. axb5 Rxa1 23. Rxa1 Qe7 24. Ng3 g6 25. b6 h5 26. h3 h4 27. Nf1 Qe4 28. Qxe4 Nxe4 29. Ne3 Re7 30. Ra8+ Kg7 31. Ra7 Nc3 32. Kf1 Nb5 33. Ra4 Re4 34. Nc2 Nc3 35. Ra3 Nb5 36. Rd3 Kf6 37. f3 Re8 38. Na3 Ra8 39. Nxb5 cxb5 40. Rb3 Ke7 41. Rxb5 Kd7 42. Rb3 Ra4 43. Rd3 Ra2 44. Kg1 Kc6 45. f4 f5 46. Re3 Kd7 47. Re5 Kc6 48. Re6+ Kb5 49. Re7 Ka6 50. Rd7 Ra1+ 51. Kh2 Rf1 52. Rxd5 Rxf4 53. Rd8 g5 54. d5 g4 55. hxg4 fxg4 56. Ra8+ Kb5 57. c6 1-0

[Event "Titled Tuesday intern op 04th Mar Early"]
[Site "Chess.com INT"]
[Date "2025.03.04"]
[Round "3"]
[White "Kiseleva, Arina"]
[Black "Begunov, Konstantin"]
[Result "0-1"]
[WhiteElo "1955"]
[BlackElo "2325"]
[PlyCount "76"]
[EventDate "2025.03.04"]
[EventType "swiss (blitz)"]
[EventRounds "11"]
[EventCountry "USA"]
[SourceTitle "CB11_2025"]
[SourceDate "2025.03.12"]
[SourceVersion "1"]
[SourceVersionDate "2025.03.12"]
[SourceQuality "1"]

1. d4 d5 2. c4 c6 3. Nf3 Nf6 4. e3 Bg4 5. h3 Bh5 6. Nbd2 e6 7. Qb3 Qc7 8. Bd3 Nbd7 9. 0-0 Be7 10. Nh2 e5 11. cxd5 Nxd5 12. Bc4 N5b6 13. Nhf3 Nxc4 14. Qxc4 0-0 15. b3 Nb6 16. Qd3 Bg6 17. Qe2 e4 18. Ne5 f5 19. Nxg6 hxg6 20. Nc4 Nd5 21. Ba3 Bxa3 22. Nxa3 f4 23. exf4 Qe7 24. Nc4 Rxf4 25. Ne3 Raf8 26. Qc4 Qf7 27. Qe2 g5 28. Rac1 Qf6 29. Nxd5 cxd5 30. Rc5 Qf5 31. Qe3 g4 32. hxg4 Rxg4 33. Rc7 Qg6 34. g3 Rf3 35. Qe1 Rgxg3+ 36. fxg3 Rxg3+ 37. Qxg3 Qxg3+ 38. Kh1 Qxc7 0-1

[Event "Titled Tuesday intern op 04th Mar Early"]
[Site "Chess.com INT"]
[Date "2025.03.04"]
[Round "6"]
[White "Paduano, Claudio"]
[Black "Begunov, Konstantin"]
[Result "0-1"]
[WhiteElo "2256"]
[BlackElo "2325"]
[PlyCount "62"]
[EventDate "2025.03.04"]
[EventType "swiss (blitz)"]
[EventRounds "11"]
[EventCountry "USA"]
[SourceTitle "CB11_2025"]
[SourceDate "2025.03.12"]
[SourceVersion "1"]
[SourceVersionDate "2025.03.12"]
[SourceQuality "1"]

1. d4 d5 2. c4 c6 3. Nc3 Nf6 4. Nf3 dxc4 5. a4 Bg4 6. Ne5 Bh5 7. Nxc4 e6 8. Bg5 Na6 9. Qd2 Nb4 10. Ne5 Qxd4 11. Rd1 Qxe5 12. Bxf6 Nc2+ 13. Qxc2 Qxf6 14. g3 Bb4 15. Bg2 0-0 16. 0-0 Rfd8 17. Ne4 Qe5 18. Qc4 a5 19. h3 Qxb2 20. g4 Bg6 21. e3 Qe5 22. f4 Qc7 23. Rxd8+ Rxd8 24. f5 exf5 25. gxf5 Bh5 26. f6 Bf8 27. fxg7 Bxg7 28. Qc5 Bg6 29. Ng5 Qg3 30. Qe7 Rd2 31. Qe8+ Bf8 0-1

[Event "Titled Tuesday intern op 25th Feb Early"]
[Site "Chess.com INT"]
[Date "2025.02.25"]
[Round "6"]
[White "Begunov, Konstantin"]
[Black "Begmuratov, Alisher"]
[Result "0-1"]
[WhiteElo "2325"]
[BlackElo "2395"]
[PlyCount "134"]
[EventDate "2025.02.25"]
[EventType "swiss (blitz)"]
[EventRounds "11"]
[EventCountry "USA"]
[SourceTitle "CB10_2025"]
[SourceDate "2025.03.05"]
[SourceVersion "1"]
[SourceVersionDate "2025.03.05"]
[SourceQuality "1"]

1. d4 d5 2. c4 e6 3. cxd5 exd5 4. Nc3 c6 5. Nf3 Be7 6. Bf4 Nf6 7. e3 0-0 8. Bd3 Nbd7 9. h3 a5 10. 0-0 Re8 11. Qc2 Nf8 12. Ne5 Ng6 13. Nxg6 hxg6 14. Rfe1 Bd6 15. Bxd6 Qxd6 16. Rad1 Bd7 17. f3 c5 18. dxc5 Qxc5 19. Ne4 Qb6 20. Nxf6+ gxf6 21. Qb3 Qxb3 22. axb3 Be6 23. Bb5 Rec8 24. Rc1 Kf8 25. Kf2 Ke7 26. Ke2 Kd6 27. Kd3 g5 28. Kd4 b6 29. Bd3 Rc5 30. Rc3 Rh8 31. Rec1 Rh4+ 32. e4 dxe4 33. fxe4 f5 34. Rxc5 bxc5+ 35. Ke3 f4+ 36. Kf3 Bxb3 37. Bc4 Bxc4 38. Rxc4 Rh8 39. Ra4 Rb8 40. Rxa5 Rb3+ 41. Kg4 Rg3+ 42. Kf5 Rxg2 43. e5+ Kd5 44. Ra7 Rxb2 45. Rxf7 c4 46. e6 c3 47. Rd7+ Kc6 48. Rd8 Re2 49. Rc8+ Kd5 50. Rxc3 Re5+ 51. Kf6 Rxe6+ 52. Kxg5 Re3 53. Rc8 Ke4 54. Rf8 Rg3+ 55. Kh4 Rg7 56. Kh5 f3 57. h4 Ke3 58. Kh6 Rg4 59. h5 f2 60. Rxf2 Kxf2 61. Kh7 Kg3 62. h6 Kh4 63. Kh8 Kh5 64. h7 Kg6 65. Kg8 Kh6+ 66. Kh8 Ra4 67. Kg8 Ra8+ 0-1

[Event "Titled Tuesday intern op 25th Feb Early"]
[Site "Chess.com INT"]
[Date "2025.02.25"]
[Round "9"]
[White "Begunov, Konstantin"]
[Black "Szustakowski, Antoni"]
[Result "0-1"]
[WhiteElo "2325"]
[BlackElo "2364"]
[PlyCount "98"]
[EventDate "2025.02.25"]
[EventType "swiss (blitz)"]
[EventRounds "11"]
[EventCountry "USA"]
[SourceTitle "CB10_2025"]
[SourceDate "2025.03.05"]
[SourceVersion "1"]
[SourceVersionDate "2025.03.05"]
[SourceQuality "1"]

1. d4 Nf6 2. c4 Nc6 3. Nc3 e5 4. d5 Ne7 5. h4 h5 6. Nf3 Ng6 7. Ng5 a5 8. e3 Bb4 9. Bd2 d6 10. Be2 Bxc3 11. Bxc3 Qe7 12. b3 Ng4 13. a3 Nxh4 14. Rxh4 Qxg5 15. g3 Nf6 16. b4 a4 17. c5 Bd7 18. Rc1 Qh6 19. Bb2 g5 20. Rhc4 Bb5 21. R4c2 Bxe2 22. Qxe2 0-0 23. cxd6 cxd6 24. Rc7 h4 25. gxh4 gxh4 26. f4 Nxd5 27. Rxb7 Qg6 28. Kd2 exf4 29. e4 Ne3 30. Qf2 Rac8 31. Rg1 Rc2+ 32. Ke1 Rxf2 33. Rxg6+ fxg6 34. Rg7+ Kh8 35. Rf7+ Kg8 36. Rg7+ Kh8 37. Rf7+ Rxb2 38. Rxf8+ Kh7 39. Rxf4 g5 40. Rf3 Ng4 41. Rf5 Kg6 42. Rd5 Kh5 43. Rxd6 Ne3 44. Rd3 Nc4 45. Rd4 Ne5 46. Rd5 Nf3+ 47. Kf1 h3 48. Rd8 Kg4 49. Rh8 Kg3 0-1

[Event "Titled Tuesday intern op 11th Feb Early"]
[Site "Chess.com INT"]
[Date "2025.02.11"]
[Round "9"]
[White "Begunov, Konstantin"]
[Black "Buksa, Nataliya"]
[Result "0-1"]
[WhiteElo "2325"]
[BlackElo "2400"]
[PlyCount "84"]
[EventDate "2025.02.11"]
[EventType "swiss (blitz)"]
[EventRounds "11"]
[EventCountry "USA"]
[SourceTitle "CB08_2025"]
[SourceDate "2025.02.19"]
[SourceVersion "1"]
[SourceVersionDate "2025.02.19"]
[SourceQuality "1"]

1. d4 d5 2. c4 e6 3. cxd5 exd5 4. Nc3 h6 5. Bf4 Nf6 6. e3 Bd6 7. Bxd6 Qxd6 8. Bd3 0-0 9. Qc2 c6 10. Nf3 Nbd7 11. 0-0 a5 12. a3 b5 13. e4 dxe4 14. Nxe4 Nxe4 15. Bxe4 Bb7 16. Rad1 Rac8 17. Bh7+ Kh8 18. Bf5 Rc7 19. Bxd7 Qxd7 20. Qc3 Qd5 21. Qxa5 Rd7 22. Qb6 Rfd8 23. Rc1 c5 24. Rxc5 Qe4 25. Qxb5 Bd5 26. Re1 Qg6 27. Rc3 f6 28. Qd3 Qg4 29. h3 Qh5 30. Re3 g5 31. Rc5 g4 32. hxg4 Qxg4 33. Qe2 Rg8 34. g3 h5 35. Kf1 Qg6 36. Nh4 Qb1+ 37. Qe1 Qxb2 38. Qd1 Bf7 39. Rxh5+ Bxh5 40. Qxh5+ Rh7 41. Qd5 Qa1+ 42. Kg2 Rxh4 0-1

[Event "Titled Tuesday intern op 11th Feb Early"]
[Site "Chess.com INT"]
[Date "2025.02.11"]
[Round "1"]
[White "Begunov, Konstantin"]
[Black "Komov, Roman"]
[Result "0-1"]
[WhiteElo "2325"]
[BlackElo "2239"]
[PlyCount "128"]
[EventDate "2025.02.11"]
[EventType "swiss (blitz)"]
[EventRounds "11"]
[EventCountry "USA"]
[SourceTitle "CB08_2025"]
[SourceDate "2025.02.19"]
[SourceVersion "1"]
[SourceVersionDate "2025.02.19"]
[SourceQuality "1"]

1. d4 Nf6 2. c4 e6 3. Nf3 d5 4. cxd5 exd5 5. Nc3 c6 6. Bg5 Be7 7. e3 Bf5 8. Nh4 Be6 9. Bd3 h6 10. Bf4 Nbd7 11. Nf5 Bxf5 12. Bxf5 0-0 13. 0-0 Re8 14. Qc2 a5 15. h3 Nb6 16. Na4 Nc4 17. b3 Nd6 18. Bd3 Bf8 19. Nc5 Ra7 20. a3 Qa8 21. Be5 Qd8 22. b4 b5 23. bxa5 Nc4 24. Bxf6 Qxf6 25. a4 Bxc5 26. dxc5 Rxa5 27. Ra2 Rea8 28. Rfa1 bxa4 29. Rxa4 Qxa1+ 30. Rxa1 Rxa1+ 31. Kh2 R8a2 32. Qb3 Rb2 33. Qc3 Ra3 34. Qd4 Rd2 35. Qg4 Ra8 36. Bxc4 dxc4 37. Qxc4 Rxf2 38. Qe4 Rf6 39. Qe5 Re6 40. Qd4 Rae8 41. Qa4 g6 42. Kg1 h5 43. Kf2 Rf6+ 44. Kg1 Re5 45. Qd4 Rfe6 46. Qa4 Rxe3 47. Qa8+ Kg7 48. Qc8 R3e5 49. Qd7 Rxc5 50. Qd4+ Rce5 51. Kh2 c5 52. Qc3 Kg8 53. Qg3 Rf5 54. Qc3 Rc6 55. Qd3 c4 56. Qd8+ Kh7 57. Qd7 Rcc5 58. Qd2 c3 59. Qc2 Rfd5 60. Kg3 Rd2 61. Qe4 c2 62. Qf4 Rd3+ 63. Kh4 g5+ 64. Kxh5 gxf4+ 0-1

[Event "Titled Tuesday intern op 04th Feb Early"]
[Site "Chess.com INT"]
[Date "2025.02.04"]
[Round "4"]
[White "Begunov, Konstantin"]
[Black "Calvo Gonzalez, Jose Felix"]
[Result "0-1"]
[WhiteElo "2325"]
[BlackElo "2198"]
[PlyCount "44"]
[EventDate "2025.02.04"]
[EventType "swiss (blitz)"]
[EventRounds "11"]
[EventCountry "USA"]
[SourceTitle "CB07_2025"]
[SourceDate "2025.02.12"]
[SourceVersion "1"]
[SourceVersionDate "2025.02.12"]
[SourceQuality "1"]

1. d4 Nf6 2. c4 g6 3. f3 Nc6 4. e4 e5 5. Ne2 exd4 6. Nxd4 Bg7 7. Be3 Nxe4 8. Nxc6 dxc6 9. Qe2 Nf6 10. Bxa7+ Be6 11. Bc5 Nd7 12. Ba3 Qh4+ 13. g3 Qd4 14. Qc2 Ne5 15. Be2 Nxc4 16. Bxc4 Bxc4 17. Qe4+ Qxe4+ 18. fxe4 Bd3 19. Kd2 Bxe4 20. Re1 0-0-0+ 21. Kc1 Rhe8 22. Nc3 Bh6+ 0-1

[Event "Titled Tuesday intern op 04th Feb Early"]
[Site "Chess.com INT"]
[Date "2025.02.04"]
[Round "11"]
[White "Begunov, Konstantin"]
[Black "Frischmann, Rick"]
[Result "1-0"]
[WhiteElo "2325"]
[BlackElo "2344"]
[PlyCount "43"]
[EventDate "2025.02.04"]
[EventType "swiss (blitz)"]
[EventRounds "11"]
[EventCountry "USA"]
[SourceTitle "CB07_2025"]
[SourceDate "2025.02.12"]
[SourceVersion "1"]
[SourceVersionDate "2025.02.12"]
[SourceQuality "1"]

1. d4 d5 2. c4 Nc6 3. cxd5 Qxd5 4. e3 e5 5. Nc3 Bb4 6. Bd2 Bxc3 7. bxc3 Nf6 8. Qb3 Qd6 9. Nf3 0-0 10. Bb5 e4 11. Bxc6 bxc6 12. Ne5 Ba6 13. c4 c5 14. Bc3 cxd4 15. exd4 c5 16. Qa3 Rfc8 17. dxc5 Rxc5 18. 0-0 Rac8 19. Bb4 Qxe5 20. Bxc5 Ng4 21. Bd6 Qf5 22. Qxa6 1-0

[Event "Titled Tuesday intern op 04th Feb Early"]
[Site "Chess.com INT"]
[Date "2025.02.04"]
[Round "1"]
[White "Begunov, Konstantin"]
[Black "Srihari, LR."]
[Result "1/2-1/2"]
[WhiteElo "2325"]
[BlackElo "2498"]
[PlyCount "77"]
[EventDate "2025.02.04"]
[EventType "swiss (blitz)"]
[EventRounds "11"]
[EventCountry "USA"]
[SourceTitle "CB07_2025"]
[SourceDate "2025.02.12"]
[SourceVersion "1"]
[SourceVersionDate "2025.02.12"]
[SourceQuality "1"]

1. d4 d5 2. c4 e6 3. Nc3 Nf6 4. cxd5 exd5 5. Bg5 Nbd7 6. e3 c6 7. Bd3 h6 8. Bh4 Bd6 9. Nf3 0-0 10. 0-0 Re8 11. Rb1 a5 12. a3 Qc7 13. Qc2 g5 14. Bg3 Bxg3 15. hxg3 Qd6 16. b4 axb4 17. axb4 b5 18. e4 dxe4 19. Nxe4 Nxe4 20. Bxe4 Bb7 21. Bf5 Nf6 22. Rfd1 Nd5 23. Qd2 Ra4 24. Nxg5 hxg5 25. Qxg5+ Kf8 26. Bh7 Re6 27. Re1 Ra8 28. Bf5 Rxe1+ 29. Rxe1 Qf6 30. Qg4 Re8 31. Rxe8+ Kxe8 32. Qg8+ Ke7 33. g4 Qxd4 34. Qb8 Qb6 35. Qe5+ Kf8 36. Qh8+ Ke7 37. Qe5+ Kf8 38. Qh8+ Ke7 39. Qe5+ 1/2-1/2

[Event "Titled Tuesday intern op 04th Feb Early"]
[Site "Chess.com INT"]
[Date "2025.02.04"]
[Round "6"]
[White "Juhasz, Judit"]
[Black "Begunov, Konstantin"]
[Result "0-1"]
[WhiteElo "2015"]
[BlackElo "2325"]
[PlyCount "72"]
[EventDate "2025.02.04"]
[EventType "swiss (blitz)"]
[EventRounds "11"]
[EventCountry "USA"]
[SourceTitle "CB07_2025"]
[SourceDate "2025.02.12"]
[SourceVersion "1"]
[SourceVersionDate "2025.02.12"]
[SourceQuality "1"]

1. e4 c5 2. Nf3 d6 3. d4 cxd4 4. Nxd4 Nf6 5. Nc3 a6 6. Be3 Ng4 7. Bg5 Nc6 8. h3 Qb6 9. hxg4 Qxd4 10. Qxd4 Nxd4 11. 0-0-0 Ne6 12. Be3 b5 13. a4 bxa4 14. Nxa4 Rb8 15. f3 g6 16. Nb6 Bb7 17. c3 Bg7 18. Bc4 Nc7 19. Kc2 Bc6 20. Nd5 Nxd5 21. exd5 Bb5 22. Bxb5+ axb5 23. Ra1 0-0 24. Ra7 b4 25. c4 b3+ 26. Kc1 Rfc8 27. Ra4 Rb7 28. Kd2 Bxb2 29. Rb1 Be5 30. f4 Bh8 31. Kd3 b2 32. Bd4 Rb3+ 33. Kc2 Rg3 34. Bxh8 Rxg2+ 35. Kb3 Kxh8 36. Rxb2 Rb8+ 0-1

[Event "Titled Tuesday intern op 28th Jan Early"]
[Site "Chess.com INT"]
[Date "2025.01.28"]
[Round "5"]
[White "Begunov, Konstantin"]
[Black "Lantini, Marco"]
[Result "0-1"]
[WhiteElo "2325"]
[BlackElo "1931"]
[PlyCount "90"]
[EventDate "2025.01.28"]
[EventType "swiss (blitz)"]
[EventRounds "11"]
[EventCountry "USA"]
[SourceTitle "CB06_2025"]
[SourceDate "2025.02.05"]
[SourceVersion "1"]
[SourceVersionDate "2025.02.05"]
[SourceQuality "1"]

1. d4 Nf6 2. c4 e6 3. Nf3 d5 4. cxd5 exd5 5. Nc3 c6 6. Bg5 Bd6 7. Qc2 Nbd7 8. e3 0-0 9. Bd3 h6 10. Bh4 Re8 11. 0-0 Nf8 12. a3 Bg4 13. b4 Bxf3 14. gxf3 Ne6 15. Na4 Qc7 16. Bg3 Ng5 17. Kg2 Qd7 18. Bf5 Qe7 19. Nc5 g6 20. Bd3 b6 21. Na4 Qd7 22. Be2 Qh3+ 23. Kg1 Bxg3 24. hxg3 Nh5 25. Bd1 Re6 26. f4 Ne4 27. Bf3 Nhxg3 28. Bg2 Qh4 29. fxg3 Nxg3 30. Rfe1 Nf5 31. Qf2 Qf6 32. Rac1 Rae8 33. Rc3 Nxd4 34. Nb2 Nf5 35. Rd3 d4 36. e4 Ne3 37. e5 Qf5 38. Bh1 Ng4 39. Qg3 h5 40. Be4 Rxe5 41. Bxf5 Rxe1+ 42. Kg2 gxf5 43. Qf3 R8e2+ 44. Kg3 Rg1+ 45. Kh3 Rh2# 0-1

[Event "Titled Tuesday intern op 28th Jan Early"]
[Site "Chess.com INT"]
[Date "2025.01.28"]
[Round "10"]
[White "Begunov, Konstantin"]
[Black "Vinod, R Sharna"]
[Result "0-1"]
[WhiteElo "2325"]
[BlackElo "2105"]
[PlyCount "68"]
[EventDate "2025.01.28"]
[EventType "swiss (blitz)"]
[EventRounds "11"]
[EventCountry "USA"]
[SourceTitle "CB06_2025"]
[SourceDate "2025.02.05"]
[SourceVersion "1"]
[SourceVersionDate "2025.02.05"]
[SourceQuality "1"]

1. d4 d5 2. c4 dxc4 3. Nf3 Nf6 4. e3 Bg4 5. h3 Bh5 6. g4 Bg6 7. Ne5 Nbd7 8. Nxc4 e6 9. Bg2 c6 10. Nc3 h5 11. g5 Nd5 12. e4 Nxc3 13. bxc3 h4 14. Rb1 b5 15. Nb2 Nb6 16. Nd3 Nc4 17. Bf4 Be7 18. Ne5 Nxe5 19. Bxe5 Bxg5 20. Bxg7 Rg8 21. Be5 Qa5 22. Qb3 Bh5 23. Rg1 Bh6 24. Kf1 Bd2 25. d5 Rg5 26. f4 Rg3 27. dxe6 Bxc3 28. Bxc3 Rxc3 29. exf7+ Bxf7 30. Qb2 Bc4+ 31. Kf2 Qb6+ 32. Ke1 Qe3+ 33. Kd1 0-0-0+ 34. Qd2 Qxd2# 0-1

[Event "Titled Tuesday intern op 28th Jan Early"]
[Site "Chess.com INT"]
[Date "2025.01.28"]
[Round "1"]
[White "Navara, David"]
[Black "Begunov, Konstantin"]
[Result "1-0"]
[WhiteElo "2671"]
[BlackElo "2325"]
[PlyCount "97"]
[EventDate "2025.01.28"]
[EventType "swiss (blitz)"]
[EventRounds "11"]
[EventCountry "USA"]
[SourceTitle "CB06_2025"]
[SourceDate "2025.02.05"]
[SourceVersion "1"]
[SourceVersionDate "2025.02.05"]
[SourceQuality "1"]

1. c4 c6 2. Nf3 d5 3. e3 Nf6 4. Nc3 a6 5. d4 Bg4 6. Qb3 b5 7. c5 Bxf3 8. gxf3 e5 9. dxe5 Nfd7 10. f4 Nxc5 11. Qc2 b4 12. Ne2 Qb6 13. Nd4 Ne6 14. Nxe6 fxe6 15. Bh3 c5 16. f5 Nc6 17. f4 exf5 18. Qxf5 Qc7 19. Bd2 Ne7 20. Qe6 Qc6 21. Rc1 Rc8 22. Bxb4 Qxe6 23. Bxe6 Rc6 24. Bxc5 Rxe6 25. Ke2 Nf5 26. Rhd1 Rc6 27. Rxd5 Bxc5 28. Rdxc5 Rxc5 29. Rxc5 Kd7 30. e4 Nd4+ 31. Ke3 Nc6 32. f5 Rb8 33. e6+ Kd6 34. Rd5+ Ke7 35. Rd7+ Kf6 36. b3 Ne5 37. Ra7 Rd8 38. e7 Re8 39. Rxa6+ Kxe7 40. Re6+ Kd7 41. Rxe8 Kxe8 42. a4 Kd7 43. b4 Kc6 44. b5+ Kc5 45. Kf4 Nd3+ 46. Kg5 Nb2 47. e5 Nxa4 48. f6 gxf6+ 49. exf6 1-0

[Event "Titled Tuesday intern op 14th Jan Early"]
[Site "Chess.com INT"]
[Date "2025.01.14"]
[Round "1"]
[White "Abdurakhmanov, Mukhmmadali"]
[Black "Begunov, Konstantin"]
[Result "1-0"]
[WhiteElo "2396"]
[BlackElo "2325"]
[PlyCount "77"]
[EventDate "2025.01.14"]
[EventType "swiss (blitz)"]
[EventRounds "11"]
[EventCountry "USA"]
[SourceTitle "CB04_2025"]
[SourceDate "2025.01.22"]
[SourceVersion "1"]
[SourceVersionDate "2025.01.22"]
[SourceQuality "1"]

1. Nf3 d5 2. g3 c6 3. Bg2 Bg4 4. 0-0 Nd7 5. d3 e5 6. c4 Ngf6 7. Nc3 dxc4 8. dxc4 Bc5 9. Qc2 0-0 10. Nh4 Qc7 11. Nf5 Rfe8 12. h3 Bh5 13. Be3 Bxe3 14. Nxe3 Bg6 15. Qa4 Nc5 16. Qa3 Nce4 17. Rad1 Nxc3 18. Qxc3 Ne4 19. Qa3 Red8 20. Rxd8+ Qxd8 21. Rd1 Qc7 22. h4 b6 23. h5 Nxg3 24. fxg3 Bxh5 25. g4 Bg6 26. Qd6 Qc8 27. Qxc6 Rb8 28. Qxc8+ Rxc8 29. Nf5 Kf8 30. Rd7 Bxf5 31. gxf5 Rxc4 32. Rxf7+ Kxf7 33. Bd5+ Kf6 34. Bxc4 Kxf5 35. Kf2 Kf4 36. Bd5 h5 37. e3+ Kg4 38. Be6+ Kg5 39. Kf3 1-0

[Event "Titled Tuesday intern op 14th Jan Early"]
[Site "Chess.com INT"]
[Date "2025.01.14"]
[Round "10"]
[White "Begunov, Konstantin"]
[Black "Khumalo, Keith"]
[Result "0-1"]
[WhiteElo "2325"]
[BlackElo "2187"]
[PlyCount "80"]
[EventDate "2025.01.14"]
[EventType "swiss (blitz)"]
[EventRounds "11"]
[EventCountry "USA"]
[SourceTitle "CB04_2025"]
[SourceDate "2025.01.22"]
[SourceVersion "1"]
[SourceVersionDate "2025.01.22"]
[SourceQuality "1"]

1. d4 Nf6 2. c4 e6 3. Nf3 c5 4. g3 cxd4 5. Nxd4 d5 6. Bg2 e5 7. Nf3 d4 8. 0-0 Nc6 9. e3 Be7 10. exd4 exd4 11. Re1 0-0 12. Bf4 Bb4 13. Nbd2 Bg4 14. a3 Bd6 15. Bxd6 Qxd6 16. b4 Rad8 17. Qb3 h6 18. c5 Qc7 19. b5 Na5 20. Qb4 Rd5 21. Rac1 Rfd8 22. b6 axb6 23. cxb6 Qd6 24. Rc7 Bc8 25. Rec1 Nc6 26. R1xc6 bxc6 27. Qxd6 R5xd6 28. b7 Be6 29. Ne5 Nd5 30. Bxd5 cxd5 31. Nc6 Rf8 32. b8Q Rxb8 33. Nxb8 Rb6 34. Nc6 Rb2 35. Nf3 Bh3 36. Re7 d3 37. Re1 Bg4 38. Nce5 Bf5 39. Rd1 Rb3 40. a4 Be4 0-1

[Event "Titled Tuesday intern op 14th Jan Early"]
[Site "Chess.com INT"]
[Date "2025.01.14"]
[Round "11"]
[White "Begunov, Konstantin"]
[Black "Walmer, Benjamin"]
[Result "0-1"]
[WhiteElo "2325"]
[BlackElo "1990"]
[PlyCount "116"]
[EventDate "2025.01.14"]
[EventType "swiss (blitz)"]
[EventRounds "11"]
[EventCountry "USA"]
[SourceTitle "CB04_2025"]
[SourceDate "2025.01.22"]
[SourceVersion "1"]
[SourceVersionDate "2025.01.22"]
[SourceQuality "1"]

1. d4 d5 2. c4 e6 3. Nc3 Nf6 4. cxd5 exd5 5. Bg5 c6 6. Qc2 h6 7. Bh4 g6 8. e3 Bf5 9. Qb3 g5 10. Qxb7 gxh4 11. Qxa8 Qb6 12. 0-0-0 Bc8 13. Na4 Qc7 14. Nf3 Bd6 15. Bd3 0-0 16. Ne5 Bd7 17. f4 Na6 18. Qxf8+ Bxf8 19. Bxa6 Qa5 20. Nc5 Bxc5 21. dxc5 Qxa6 22. Kb1 Bf5+ 23. Ka1 Ne4 24. Rc1 f6 25. Nf3 h3 26. g4 Bxg4 27. Rhg1 h5 28. Nd4 Kf7 29. f5 Nd2 30. Rc2 Nc4 31. e4 dxe4 32. Re1 e3 33. b3 Ne5 34. Rxe3 Qf1+ 35. Kb2 Bxf5 36. Rce2 Qb1+ 37. Ka3 Qc1+ 38. Ka4 Bd7 39. Nf3 Qxc5 40. Nxe5+ fxe5 41. Rxe5 Qd4+ 42. Ka3 c5 43. Re7+ Kf6 44. Rh7 Qb4+ 45. Kb2 Bg4 46. Rf2+ Kg6 47. Rhf7 Qd4+ 48. Ka3 a5 49. R2f4 Qd6 50. Rf8 c4+ 51. Kb2 Qd2+ 52. Ka3 Qd6+ 53. Kb2 Qd2+ 54. Ka3 c3 55. R4f6+ Kg5 56. Rc6 c2 57. Rc5+ Kg6 58. Rg8+ Kf7 0-1

[Event "Titled Tuesday intern op 14th Jan Early"]
[Site "Chess.com INT"]
[Date "2025.01.14"]
[Round "8"]
[White "Slugin, Sergey"]
[Black "Begunov, Konstantin"]
[Result "0-1"]
[WhiteElo "2336"]
[BlackElo "2325"]
[PlyCount "88"]
[EventDate "2025.01.14"]
[EventType "swiss (blitz)"]
[EventRounds "11"]
[EventCountry "USA"]
[SourceTitle "CB04_2025"]
[SourceDate "2025.01.22"]
[SourceVersion "1"]
[SourceVersionDate "2025.01.22"]
[SourceQuality "1"]

1. e4 c5 2. Nf3 d6 3. d4 cxd4 4. Nxd4 Nf6 5. Nc3 a6 6. Bg5 e6 7. f4 Qb6 8. Qd2 Nc6 9. Bxf6 gxf6 10. Nb3 Be7 11. Be2 h5 12. 0-0-0 Bd7 13. Bf3 0-0-0 14. Rhe1 h4 15. f5 Ne5 16. Nd4 h3 17. g3 Nc4 18. Na4 Bxa4 19. Qc3 Qc5 20. fxe6 Be8 21. Bg4 Ne5 22. exf7+ Nxg4 23. fxe8Q Rdxe8 24. Qf3 Ne5 25. Qf5+ Kb8 26. Re3 Qc8 27. Qf2 Qd7 28. Rb3 Rc8 29. Nf5 Rc6 30. c3 Rhc8 31. Qf1 Nc4 32. Rd4 Bf8 33. Qxh3 Ne3 34. Qh5 Nxf5 35. exf5 Qe7 36. Qf3 Qe1+ 37. Rd1 Bh6+ 38. Kc2 Qe5 39. Rb4 Ka7 40. Rd5 Qe1 41. Rd1 Qe5 42. Kb1 Qc5 43. Rd5 Qxb4 44. Qf2+ Qb6 0-1

[Event "Titled Tuesday intern op 24th Sep Early"]
[Site "Chess.com INT"]
[Date "2024.09.24"]
[Round "1"]
[White "Begunov, Konstantin"]
[Black "Arslanov, Shamil"]
[Result "0-1"]
[WhiteElo "2325"]
[BlackElo "2410"]
[PlyCount "56"]
[EventDate "2024.09.24"]
[EventType "swiss (blitz)"]
[EventRounds "11"]
[EventCountry "USA"]
[SourceTitle "EXT 2025"]
[Source "ChessBase"]
[SourceDate "2024.10.14"]
[SourceVersion "1"]
[SourceVersionDate "2024.10.14"]
[SourceQuality "1"]

1. d4 d5 2. c4 e5 3. dxe5 d4 4. Nf3 Nc6 5. g3 Be6 6. Nbd2 Qd7 7. Bg2 0-0-0 8. Qa4 f6 9. exf6 Nxf6 10. a3 Kb8 11. 0-0 Bh3 12. b4 Bd6 13. b5 Ne5 14. Bb2 Bxg2 15. Kxg2 Bc5 16. Qc2 Qe6 17. Rac1 h5 18. Nb3 b6 19. h4 d3 20. exd3 Nxd3 21. Nxc5 bxc5 22. Bxf6 gxf6 23. Rcd1 Qe4 24. Rd2 Nf4+ 25. gxf4 Rhg8+ 26. Kh2 Qxf4+ 27. Kh3 Qxf3+ 28. Kh2 Qg2# 0-1